LEADER 00782nam0-22002771i-450- 001 990003342070403321 005 20001010 010 $a88-7754-54-X 035 $a000334207 035 $aFED01000334207 035 $a(Aleph)000334207FED01 035 $a000334207 100 $a20001010d--------km-y0itay50------ba 101 0 $aita 105 $ay-------001yy 200 1 $a<>EUROPE ECONOMIQUE EN FRANCAIS (TRAVAUX PRATIQUES) - cssette stereo 676 $a330.7 700 1$aTabone,$bAurora$0377332 801 0$aIT$bUNINA$gRICA$2UNIMARC 901 $aBK 912 $a990003342070403321 952 $a330.7 TAB$bLINGUE 2561/3$fDECLI 959 $aDECLI 996 $aEUROPE ECONOMIQUE EN FRANCAIS (TRAVAUX PRATIQUES) - cssette stereo$9442464 997 $aUNINA DB $aING01 LEADER 01215cam0-22003731i-450- 001 990006363550403321 005 20051129120435.0 035 $a000636355 035 $aFED01000636355 035 $a(Aleph)000636355FED01 035 $a000636355 100 $a20000112d1965----km-y0itay50------ba 101 0 $aeng 102 $aGB 105 $ay-------001yy 200 1 $aPagan and christian in an age of anxiety$esome Aspects of religious Experience from Marcus Aurelius to Constantine$fby E. R. Dodds 210 $aCambridge$cAt the University Press$d1965 215 $aXII, 144 p.$d24 cm 225 1 $a<>Wiles Lectures 300 $aSull'occhietto: The Wiles Lectures given at the Queen's University, Belfast, 1963 610 0 $aReligiosità$asecoli 2.-4. 676 $a291.42$v21$zita 700 1$aDodds,$bEric Robertson$0160127 801 0$aIT$bUNINA$gRICA$2UNIMARC 901 $aBK 912 $a990006363550403321 952 $aXXI A 574$b79568$fFGBC 952 $aDDR-XXVI F 013.2$b2285 ddr$fDDR$m21-9161 952 $a291.42 DOD 2$bBibl.91883$fFLFBC 959 $aFLFBC 959 $aFGBC 959 $aDDR 996 $aPagan and christian in an age of anxiety$922290 997 $aUNINA